000 00798nam a2200205 i 4500
001 96186
003 ES-MaACL
005 20250718144852.0
008 050613s1904 sp |||| |dspa d
080 _a343.148(460)
100 1 _aMaestre, Tomás,
_d1857-1936
_975394
245 1 3 _aUn error judicial
_b: dos inocentes sentenciados a muerte : dictamen-consulta médico-forense /
_cemitido por Tomás Maestre Pérez, con motivo de la causa llamada de Mazarete, distrito judicial de Molina de Aragón,...
260 _aMadrid :
_b[s. n.],
_c1904 (
_fM. Romero, imp.)
300 _a81 p. ;
_c23 cm.
650 4 _aProceso de Mazarete, 1904-1905.
_9160827
650 0 4 _aError judicial-
_zEspaña
_912347
852 _aES-MaACL
_jT-1153-F-1
852 _aES-MaACL
_jFol-Laf-355
999 _c96186
_d96186